Immigration Japan - Statistiken

Allgemein
  • Dieses Quiz wurde 92 mal gespielt
  • Das Durchschnittsergebnis liegt bei 20 aus 25
Antwortstatistiken
Platz Land Anzahl % Korrekt
1. China 778.112
99%
9. Vereinigte Staaten 55.761
97%
3. Südkorea 426.908
95%
25. Russland 9.249
93%
7. Indonesien 66.832
91%
2. Vietnam 448.053
91%
12. Indien 38.558
89%
23. Kanada 10.103
89%
24. Australien 9.758
88%
10. Thailand 53.379
87%
8. Taiwan 55.872
83%
18. Vereinigtes Königreich 16.891
83%
15. Nordkorea 27.214
80%
4. Philippinen 325.000
80%
21. Frankreich 12.264
79%
5. Brasilien 208.538
77%
22. Malaysia 10.318
76%
20. Mongolei 13.504
76%
17. Bangladesch 17.463
72%
13. Myanmar 35.049
71%
19. Kambodscha 16.659
69%
16. Pakistan 19.103
61%
6. Nepal 95.982
51%
14. Sri Lanka 29.290
41%
11. Peru 48.256
37%
Keine übereinstimmenden Quizze gefunden
Verteilung der Resultate
Anzahl Personen mit jedem Resultat
Perzentil nach korrekt beantworteten Fragen
Ihre Resultats-Entwicklung
Sie haben dieses Quiz noch nicht gespielt